| 000 | 01712nam a22003017a 4500 | ||
|---|---|---|---|
| 003 | AR-RoUNCS | ||
| 005 | 20260226093720.0 | ||
| 007 | ta | ||
| 008 | 160902s2015 ag a dr 000 f spa | ||
| 015 | _aAR-2015 | ||
| 020 | _a978-987-504-136-3 | ||
| 040 |
_aAR-BaBN _bspa _cAR-RoUNCS _eaacr |
||
| 044 |
_aag _car-c |
||
| 080 | 1 |
_a82-32(82) _22016 |
|
| 100 | 1 |
_aFalconi, María Inés, _d1954- _eautora _4aut |
|
| 245 | 1 | 0 |
_aHoy no es mi día / _cMaría Inés Falconi ; ilustración de tapa Sabrina Florio. |
| 250 | _a2a ed. | ||
| 260 |
_aBuenos Aires : _bQuipu, _c2015. |
||
| 300 |
_a175 p. : _bil. ; _c21 cm. |
||
| 490 | 0 | _aColección Zona Límite | |
| 520 | 3 |
_a«¿Alguna vez todo te salió tan mal que pensaste que el destino estaba en contra tuyo? Esos días donde todo parece al revés, y solo pensás en gritar: “¡HOY NO ES MI DÍA!”. Valen, Ana y Ezequiel, son tres adolescentes que empiezan mal el día en distintos lugares pero, cuyas historias se irán entrelazando de una forma inimaginable. Un viaje extraordinario y fantástico, una amistad en peligro, la elección entre ser como todos o defender sus ideales son solo algunas de las situaciones que deberán enfrentar los personajes de esta novela. María Inés Falconi, autora de la famosa saga para niños y adolescentes "Caídos del Mapa", nos acerca otra increíble historia llena de emoción y aventuras, rodeada de la problemática social actual que viven los adolescentes.» _c(Descripción del editor). |
|
| 521 | 1 | _aEdad sugerida desde los 15 años. | |
| 650 | 7 |
_2embne _aLiteratura argentina |
|
| 655 | 7 | _aNovelas cortas | |
| 655 | 7 | _aNovelas juveniles | |
| 700 | 1 |
_aFlorio, Sabrina, _d1983- _eilustradora _4ill |
|
| 942 |
_2udc _cOG _n0 |
||
| 999 |
_c923 _d923 |
||